Fundamentals of skill
Contents: simple decisions, identification and choice, single-channel operation, movement, economy of decision, short-term retention,...
保存先:
| 第一著者: | |
|---|---|
| フォーマット: | 図書 |
| 言語: | Undetermined |
| 出版事項: |
London
Methuen & Co. Ltd.
1968
|
| 主題: | |
| タグ: |
タグ追加
タグなし, このレコードへの初めてのタグを付けませんか!
|
| Thư viện lưu trữ: | Trung tâm Học liệu Trường Đại học Cần Thơ |
|---|
| LEADER | 00656nam a2200193Ia 4500 | ||
|---|---|---|---|
| 001 | CTU_224792 | ||
| 008 | 210402s9999 xx 000 0 und d | ||
| 082 | |a 150 | ||
| 082 | |b W445 | ||
| 100 | |a Welford, A. T. | ||
| 245 | 0 | |a Fundamentals of skill | |
| 245 | 0 | |c A. T. Welford | |
| 260 | |a London | ||
| 260 | |b Methuen & Co. Ltd. | ||
| 260 | |c 1968 | ||
| 520 | |a Contents: simple decisions, identification and choice, single-channel operation, movement, economy of decision, short-term retention,... | ||
| 650 | |a Tâm lý học, thí nghiệm,Psychology, experimental | ||
| 910 | |a Trúc | ||
| 980 | |a Trung tâm Học liệu Trường Đại học Cần Thơ | ||